| 000 | 00421cam a2200181ua 4500 | ||
|---|---|---|---|
| 020 | _c3.50 | ||
| 041 |
_ahin _h |
||
| 082 |
_a891.54 _bUPE/PI |
||
| 100 | _aUpendranath, Ashk . | ||
| 245 |
_aPinjara / _cUpendranath ashk. _hTextual Documents |
||
| 250 |
_a4 / _b. |
||
| 260 |
_aPrayag : _bNeelab Prakashan , _c1957. |
||
| 300 | _a177 ; . | ||
| 365 | _a3.50 | ||
| 504 | _a | ||
| 942 | _cBK | ||
| 999 |
_c8286 _d8286 |
||